[Event "USA-ch (Women)"]
[Site "Saint Louis"]
[Date "2021.10.13"]
[Round "7"]
[White "Cervantes Landeiro, Thalia"]
[Black "Sharevich, Anna"]
[Result "0-1"]
[WhiteElo "2175"]
[BlackElo "2276"]
[PlyCount "80"]
[EventDate "2021.10.06"]
[EventType "tourn"]
[EventRounds "11"]
[EventCountry "USA"]
[EventCategory "3"]
[SourceTitle "CBM 204 Extra"]
[Source "ChessBase"]
[SourceDate "2021.11.30"]
[SourceVersion "1"]
[SourceVersionDate "2021.11.30"]
[SourceQuality "1"]

1. d4 d5 2. c4 e6 3. Nc3 Nf6 4. Nf3 Nbd7 5. cxd5 exd5 6. Bf4 c6 7. h3 Be7 8. e3 0-0 9. Bd3 Re8 10. 0-0 Nf8 11. Qc2 Ng6 12. Bh2 Bd6 13. Rab1 Bxh2+ 14. Kxh2 Qd6+ 15. Kg1 Bd7 16. b4 Rac8 17. a4 Qe7 18. Rfe1 Ne4 19. Bxe4 dxe4 20. Nd2 f5 21. Ne2 Be6 22. Qc5 Qd7 23. a5 a6 24. Nc3 Qf7 25. Na4 Rcd8 26. Qc3 Bd5 27. Nc5 Rd6 28. Rbc1 Nh4 29. Nf1 Rg6 30. Ng3 h5 31. Qd2 f4 32. exf4 Nxg2 33. f5 Nxe1 34. fxg6 Nf3+ 35. Kh1 Qxg6 36. Qe3 h4 37. Ne2 Rf8 38. Ng1 Qd6 39. Nxf3 Rxf3 40. Nxe4 Rxe3 0-1

[Event "USA-ch (Women)"]
[Site "Saint Louis"]
[Date "2021.10.09"]
[Round "4"]
[White "Sharevich, Anna"]
[Black "Tokhirjonova, Gulruhbegim"]
[Result "1/2-1/2"]
[WhiteElo "2276"]
[BlackElo "2322"]
[PlyCount "154"]
[EventDate "2021.10.06"]
[EventType "tourn"]
[EventRounds "11"]
[EventCountry "USA"]
[EventCategory "3"]
[SourceTitle "CBM 204 Extra"]
[Source "ChessBase"]
[SourceDate "2021.11.30"]
[SourceVersion "1"]
[SourceVersionDate "2021.11.30"]
[SourceQuality "1"]

1. d4 Nf6 2. Bf4 d5 3. e3 c5 4. Nd2 Nc6 5. Ngf3 e6 6. c3 Nh5 7. Bg5 f6 8. Bh4 g6 9. Bb5 Be7 10. dxc5 Bxc5 11. 0-0 0-0 12. c4 a6 13. Ba4 Be7 14. cxd5 exd5 15. Rc1 Nb4 16. Bb3 Nd3 17. Rb1 Kh8 18. Nd4 Qd6 19. Qe2 Nc5 20. Bc2 Bd7 21. g4 Ng7 22. Bg3 Qb6 23. h4 f5 24. g5 Rae8 25. Be5 Bd6 26. Bf6 Bb8 27. f4 Kg8 28. b4 Nce6 29. Qf2 Rxf6 30. gxf6 Nxd4 31. exd4 Qxf6 32. Bb3 Bc6 33. Rbe1 Ne6 34. Nf3 Nxf4 35. Rxe8+ Bxe8 36. Qe3 Bb5 37. Re1 Bd6 38. a4 Bc6 39. Rf1 Nh3+ 40. Kh1 f4 41. Qd2 Qf5 42. Bc2 Qg4 43. Qg2 Qg3 44. Qxg3 fxg3 45. Kg2 Nf4+ 46. Kxg3 Nd3+ 47. Kg2 Nxb4 48. Bb3 Nd3 49. Rd1 Nb2 50. Ra1 Nc4 51. Kf2 Kg7 52. Ng5 Bd7 53. Re1 Bb4 54. Re2 b5 55. axb5 axb5 56. Ra2 Bc3 57. Nf3 Bg4 58. Ra7+ Kf6 59. Ra6+ Ke7 60. Ra7+ Kd6 61. Rxh7 Bxf3 62. Bxc4 dxc4 63. Kxf3 b4 64. Ke4 b3 65. Rg7 Bd2 66. Rxg6+ Kc7 67. Rg1 Kc6 68. h5 Kb5 69. d5 Kc5 70. Rd1 Bg5 71. d6 c3 72. Kd3 c2 73. Rg1 Kxd6 74. Kc3 c1Q+ 75. Rxc1 Bxc1 76. Kxb3 Ke6 77. h6 Bxh6 1/2-1/2

[Event "USA-ch (Women)"]
[Site "Saint Louis"]
[Date "2021.10.08"]
[Round "3"]
[White "Paikidze, Nazi"]
[Black "Sharevich, Anna"]
[Result "1/2-1/2"]
[WhiteElo "2374"]
[BlackElo "2276"]
[PlyCount "97"]
[EventDate "2021.10.06"]
[EventType "tourn"]
[EventRounds "11"]
[EventCountry "USA"]
[EventCategory "3"]
[SourceTitle "CBM 204 Extra"]
[Source "ChessBase"]
[SourceDate "2021.11.30"]
[SourceVersion "1"]
[SourceVersionDate "2021.11.30"]
[SourceQuality "1"]

1. d4 d5 2. c4 e6 3. Nc3 Nf6 4. Nf3 Nbd7 5. Bf4 dxc4 6. e4 Bb4 7. Bxc4 Nxe4 8. Qb3 Bxc3+ 9. bxc3 0-0 10. 0-0 Ndf6 11. Rfe1 b6 12. Rad1 Bb7 13. Bf1 h6 14. c4 Nh5 15. Bc1 Qf6 16. Qe3 g5 17. Ne5 Qg7 18. Qf3 f6 19. Qxh5 fxe5 20. dxe5 Nxf2 21. Rd4 Rf5 22. c5 bxc5 23. Bc4 cxd4 24. Bxe6+ Rf7 25. Bxf7+ Qxf7 26. Qxf7+ Kxf7 27. e6+ Kf6 28. Kxf2 Re8 29. Bb2 c5 30. Rc1 Kxe6 31. Rxc5 Rf8+ 32. Ke1 Rd8 33. g3 Rd5 34. Rc7 Rd7 35. Rxd7 Kxd7 36. Bxd4 a6 37. g4 Bf3 38. Bg7 h5 39. gxh5 Bxh5 40. Kf2 Ke6 41. Kg3 Kf5 42. h4 gxh4+ 43. Kxh4 Bf7 44. a3 Bc4 45. Bf8 Bb5 46. Bc5 Bc4 47. Bf8 Bb5 48. Bc5 Bc4 49. Bf8 1/2-1/2

[Event "USA-ch (Women) 59th"]
[Site "Saint Louis"]
[Date "2019.03.21"]
[Round "2"]
[White "Foisor, Sabina Francesca"]
[Black "Sharevich, Anna"]
[Result "1/2-1/2"]
[WhiteElo "2276"]
[BlackElo "2282"]
[PlyCount "138"]
[EventDate "2019.03.20"]
[EventType "tourn"]
[EventRounds "11"]
[EventCountry "USA"]
[EventCategory "2"]
[SourceTitle "CBM 189 Extra"]
[Source "ChessBase"]
[SourceDate "2019.06.03"]
[SourceVersion "1"]
[SourceVersionDate "2019.06.03"]
[SourceQuality "1"]

1. d4 d5 2. Bg5 c6 3. Nf3 Bf5 4. e3 Qb6 5. b3 Nf6 6. Bxf6 exf6 7. Bd3 Bxd3 8. Qxd3 Na6 9. 0-0 Be7 10. c4 dxc4 11. bxc4 0-0 12. Nbd2 Rad8 13. Qb3 Qc7 14. c5 b6 15. Qa4 Nb8 16. cxb6 axb6 17. Rac1 Rd5 18. Qc2 Qa7 19. Nb3 Rfd8 20. e4 R5d7 21. Qe2 Ba3 22. Rc3 Bb4 23. Re3 Qa6 24. Qc2 c5 25. d5 Re7 26. Nh4 g6 27. Qb2 Nd7 28. f4 Rde8 29. Qc2 c4 30. Nd4 Bc5 31. Nhf3 b5 32. Rfe1 Qb6 33. Qd2 b4 34. Kh1 c3 35. Qd3 Ra8 36. Nc6 Ree8 37. R3e2 Nb8 38. Ncd4 Nd7 39. Nb3 Bf8 40. e5 fxe5 41. fxe5 Nc5 42. Qd4 Qb5 43. e6 fxe6 44. dxe6 Nxb3 45. axb3 Bg7 46. Qd7 Qxd7 47. exd7 Rxe2 48. Rxe2 Kf8 49. Ne1 Rd8 50. Re8+ Rxe8 51. dxe8Q+ Kxe8 52. Kg1 Kd7 53. Kf2 Ke6 54. Ke3 Kd5 55. Nc2 Bf8 56. Kd3 Bc5 57. Ne1 g5 58. h3 Ke5 59. Nc2 Kf4 60. Ke2 Ke4 61. Ne1 Be7 62. Nc2 h5 63. Ne1 g4 64. hxg4 hxg4 65. Nc2 Kf4 66. Ne1 Kg3 67. Kf1 Bc5 68. Nc2 Kf4 69. Ke2 Ke4 1/2-1/2

[Event "USA-ch (Women)"]
[Site "Saint Louis"]
[Date "2018.04.27"]
[Round "9"]
[White "Sharevich, Anna"]
[Black "Goletiani, Rusudan"]
[Result "0-1"]
[WhiteElo "2281"]
[BlackElo "2306"]
[PlyCount "102"]
[EventDate "2018.04.18"]
[EventType "tourn"]
[EventRounds "11"]
[EventCountry "USA"]
[SourceTitle "CBM 184 Extra"]
[Source "ChessBase"]
[SourceDate "2018.06.28"]
[SourceVersion "1"]
[SourceVersionDate "2018.06.28"]
[SourceQuality "1"]

1. d4 e6 2. Nf3 f5 3. Bf4 Nf6 4. e3 g6 5. Be2 Bg7 6. h3 d6 7. c4 Qe7 8. Nc3 Nc6 9. Bh2 0-0 10. 0-0 Kh8 11. Rb1 e5 12. c5 Ne4 13. cxd6 cxd6 14. d5 Nxc3 15. bxc3 Na5 16. Nd2 b6 17. Nb3 Nb7 18. a4 Qc7 19. c4 Bd7 20. Ra1 Nc5 21. Nxc5 Qxc5 22. Qb3 Rac8 23. Ra2 Qa5 24. f3 Qc5 25. Kh1 Qc7 26. Qa3 Qc5 27. Qb3 Qc7 28. Bg1 g5 29. e4 fxe4 30. fxe4 Rf4 31. a5 bxa5 32. Qe3 a4 33. Rc1 h6 34. Bd1 Qa5 35. Qxa7 Qxa7 36. Bxa7 Ra8 37. Bg1 Rxe4 38. c5 dxc5 39. Rxc5 Re1 40. Bh5 e4 41. Rc7 Bb5 42. Rxg7 Kxg7 43. Kh2 e3 44. Ra3 e2 45. Bd4+ Kg8 46. Re3 Rd1 47. Bc3 Rd3 48. Rxd3 Bxd3 49. Bg4 a3 50. Be6+ Kh7 51. d6 a2 0-1

[Event "USA-ch (Women)"]
[Site "Saint Louis"]
[Date "2017.04.08"]
[Round "10"]
[White "Sharevich, Anna"]
[Black "Yip, Carissa"]
[Result "1-0"]
[WhiteElo "2257"]
[BlackElo "2234"]
[PlyCount "101"]
[EventDate "2017.03.29"]
[EventType "tourn"]
[EventRounds "11"]
[EventCountry "USA"]
[EventCategory "2"]
[SourceTitle "CBM 177 Extra"]
[Source "ChessBase"]
[SourceDate "2017.04.27"]
[SourceVersion "1"]
[SourceVersionDate "2017.04.27"]
[SourceQuality "1"]

1. d4 Nf6 2. c4 g6 3. Nc3 d5 4. Bf4 Bg7 5. e3 0-0 6. Rc1 c6 7. Nf3 a6 8. c5 Nbd7 9. h3 Ne8 10. Be2 e6 11. 0-0 Qe7 12. e4 dxe4 13. Nxe4 e5 14. Bg5 f6 15. Bc4+ Kh8 16. Bh4 g5 17. Bg3 f5 18. Nexg5 e4 19. Re1 Qf6 20. Bh4 Qg6 21. Ne6 exf3 22. Qxf3 Nef6 23. Nxf8 Nxf8 24. Bxf6 Bxf6 25. d5 Bd7 26. dxc6 Bxc6 27. Bd5 Rc8 28. b4 Nd7 29. Bxc6 Rxc6 30. Qd5 Nf8 31. a4 Rc7 32. b5 axb5 33. axb5 Rd7 34. Qf3 Bg5 35. Rcd1 Rc7 36. Rd6 Qf7 37. Rd5 Re7 38. Rxe7 Qxe7 39. Rxf5 Ne6 40. Qc3+ Kg8 41. Qe5 h6 42. c6 bxc6 43. bxc6 Qe8 44. Qd5 Bd8 45. Re5 Kf7 46. Rxe6 Qxe6 47. Qxd8 Qxc6 48. Qd4 Kg6 49. Qg4+ Kh7 50. f4 Qe4 51. h4 1-0

[Event "USA-ch (Women)"]
[Site "Saint Louis"]
[Date "2017.04.06"]
[Round "8"]
[White "Sharevich, Anna"]
[Black "Zatonskih, Anna"]
[Result "1/2-1/2"]
[WhiteElo "2257"]
[BlackElo "2451"]
[PlyCount "83"]
[EventDate "2017.03.29"]
[EventType "tourn"]
[EventRounds "11"]
[EventCountry "USA"]
[EventCategory "2"]
[SourceTitle "CBM 177 Extra"]
[Source "ChessBase"]
[SourceDate "2017.04.27"]
[SourceVersion "1"]
[SourceVersionDate "2017.04.27"]
[SourceQuality "1"]

1. Nf3 d5 2. d4 Nf6 3. g3 e6 4. Bg2 b5 5. 0-0 Be7 6. Ne5 0-0 7. a4 b4 8. Nd2 c5 9. dxc5 Bxc5 10. Nd3 Be7 11. e4 Bb7 12. e5 Nfd7 13. b3 a5 14. Bb2 Na6 15. Qg4 Qc7 16. Rac1 Nac5 17. Rfe1 Nxd3 18. cxd3 Qb6 19. d4 Rac8 20. Nf1 Rxc1 21. Rxc1 Rc8 22. Rxc8+ Bxc8 23. Ne3 Qc7 24. f4 Nb6 25. Bf1 g6 26. Qd1 Nd7 27. Bd3 Nb8 28. h4 f5 29. exf6 Bxf6 30. Ng4 Bg7 31. Ne5 Nd7 32. h5 gxh5 33. Qxh5 Nf6 34. Qe2 Bb7 35. Ng4 Ne4 36. Bxe4 dxe4 37. Ne3 Qd6 38. Qg4 Kf8 39. Qd1 h5 40. Nc4 Qd5 41. Ne3 Qd6 42. Nc4 1/2-1/2

[Event "USA-ch (Women)"]
[Site "Saint Louis"]
[Date "2017.04.01"]
[Round "4"]
[White "Sharevich, Anna"]
[Black "Abrahamyan, Tatev"]
[Result "1/2-1/2"]
[WhiteElo "2257"]
[BlackElo "2364"]
[PlyCount "115"]
[EventDate "2017.03.29"]
[EventType "tourn"]
[EventRounds "11"]
[EventCountry "USA"]
[EventCategory "2"]
[SourceTitle "CBM 177 Extra"]
[Source "ChessBase"]
[SourceDate "2017.04.27"]
[SourceVersion "1"]
[SourceVersionDate "2017.04.27"]
[SourceQuality "1"]

1. d4 e6 2. c4 b6 3. Nf3 Nf6 4. g3 Bb7 5. Bg2 Be7 6. 0-0 0-0 7. Nc3 Ne4 8. Bd2 Bf6 9. Rc1 d6 10. Qc2 Nxd2 11. Qxd2 Nd7 12. d5 Qe7 13. Nd4 Bxd4 14. Qxd4 e5 15. Qd2 f5 16. b4 Nf6 17. Qc2 Bc8 18. c5 f4 19. cxd6 cxd6 20. Nb5 Ne8 21. Be4 Bh3 22. Bg2 Bd7 23. Nc3 Rc8 24. Qd2 Nf6 25. e3 fxg3 26. hxg3 Bf5 27. e4 Bd7 28. Qd3 Qf7 29. f3 Qg6 30. Ne2 Qg5 31. Rxc8 Rxc8 32. b5 Qh6 33. a4 g6 34. Rd1 Bh3 35. Qd2 Qxd2 36. Rxd2 Bxg2 37. Kxg2 Rc4 38. Ra2 Rb4 39. Ra3 Rb2 40. Kf2 h5 41. Rc3 g5 42. Rc8+ Kg7 43. Rc7+ Kg6 44. Rxa7 g4 45. Rc7 gxf3 46. Kxf3 Nxe4 47. Kxe4 Rxe2+ 48. Kf3 Ra2 49. Rc6 Rxa4 50. Rxd6+ Kf5 51. Rxb6 e4+ 52. Kf2 Ke5 53. d6 Ra2+ 54. Ke1 Ke6 55. d7+ Kxd7 56. Rh6 Rg2 57. Rxh5 Rxg3 58. Re5 1/2-1/2

[Event "Saint Louis SPICE Cup op 10th"]
[Site "Saint Louis"]
[Date "2016.10.19"]
[Round "4"]
[White "Sharevich, Anna"]
[Black "Mercado, Luisa Fernanda"]
[Result "1-0"]
[WhiteElo "2268"]
[BlackElo "1939"]
[PlyCount "85"]
[EventDate "2016.10.17"]
[EventType "swiss"]
[EventRounds "9"]
[EventCountry "USA"]
[SourceTitle "CBM 175 Extra"]
[Source "ChessBase"]
[SourceDate "2016.12.12"]
[SourceVersion "1"]
[SourceVersionDate "2016.12.12"]
[SourceQuality "1"]

1. d4 d5 2. Nf3 Nf6 3. c4 e6 4. g3 Bb4+ 5. Bd2 Be7 6. Bg2 c6 7. Qc2 Nbd7 8. 0-0 0-0 9. Bf4 b6 10. Nc3 Ba6 11. cxd5 cxd5 12. Qa4 Bb7 13. Nb5 Bc6 14. Rac1 Bxb5 15. Qxb5 Ne4 16. Rc2 Bd6 17. Rfc1 Bxf4 18. gxf4 a6 19. Qd3 b5 20. Ne5 f5 21. Rc6 Re8 22. Rc7 Nf8 23. Bxe4 dxe4 24. Qc3 Qf6 25. Rf7 Qh6 26. Qg3 Rac8 27. Rcc7 Rxc7 28. Rxc7 Ra8 29. Qg5 Qf6 30. h4 Qxg5+ 31. fxg5 g6 32. e3 Rd8 33. Kg2 Rd6 34. Kg3 Rd8 35. f3 exf3 36. Kxf3 Rd6 37. Ra7 Rb6 38. Nf7 Rc6 39. Nh6+ Kh8 40. Rf7 Rc8 41. Kf4 Ra8 42. Ke5 a5 43. Kf6 1-0

[Event "USA-ch (Women)"]
[Site "Saint Louis"]
[Date "2015.04.12"]
[Round "11"]
[White "Sharevich, Anna"]
[Black "Abrahamyan, Tatev"]
[Result "1-0"]
[WhiteElo "2267"]
[BlackElo "2322"]
[PlyCount "87"]
[EventDate "2015.04.01"]
[EventType "tourn"]
[EventRounds "11"]
[EventCountry "USA"]
[SourceTitle "CBM 165 Extra"]
[Source "ChessBase"]
[SourceDate "2015.04.21"]
[SourceVersion "1"]
[SourceVersionDate "2015.04.21"]
[SourceQuality "1"]

1. d4 Nf6 2. c4 e6 3. g3 c5 4. d5 exd5 5. cxd5 d6 6. Nc3 g6 7. Nf3 Bg7 8. Bg2 0-0 9. 0-0 a6 10. a4 Re8 11. Nd2 Nbd7 12. h3 Nh5 13. Nc4 Ne5 14. Na3 Bd7 15. Bd2 b5 16. axb5 axb5 17. Ncxb5 Bxb5 18. Nxb5 Qb6 19. Nc3 Nc4 20. Rb1 Rab8 21. g4 Nxd2 22. Qxd2 Nf6 23. b3 Qb4 24. Qc2 Rb6 25. Rfc1 Reb8 26. e3 Qa3 27. Bf1 Rxb3 28. Nb5 R3xb5 29. Rxb5 Rxb5 30. Bxb5 Nxd5 31. Rb1 Nc3 32. Rb3 Qa1+ 33. Bf1 d5 34. Rb8+ Bf8 35. Kg2 Qe1 36. Rd8 Kg7 37. Rd7 c4 38. Qb2 Kg8 39. Qb8 Ne4 40. Qf4 Nd6 41. Rxd6 Bxd6 42. Qxd6 c3 43. Qxd5 c2 44. Bc4 1-0

[Event "USA-ch (Women)"]
[Site "Saint Louis"]
[Date "2015.04.03"]
[Round "3"]
[White "Foisor, Sabina Francesca"]
[Black "Sharevich, Anna"]
[Result "1-0"]
[WhiteElo "2276"]
[BlackElo "2267"]
[PlyCount "93"]
[EventDate "2015.04.01"]
[EventType "tourn"]
[EventRounds "11"]
[EventCountry "USA"]
[SourceTitle "CBM 165 Extra"]
[Source "ChessBase"]
[SourceDate "2015.04.21"]
[SourceVersion "1"]
[SourceVersionDate "2015.04.21"]
[SourceQuality "1"]

1. d4 d5 2. Bf4 Nf6 3. e3 c5 4. c3 Nc6 5. Nd2 e6 6. Ngf3 Bd6 7. Bg3 0-0 8. Bd3 b6 9. Qe2 Qc7 10. e4 dxe4 11. Nxe4 Nxe4 12. Bxe4 f5 13. Bxd6 Qxd6 14. dxc5 Qxc5 15. Bxc6 Qxc6 16. 0-0-0 a5 17. Rhe1 a4 18. a3 Qc7 19. Rd4 Ra5 20. Kb1 f4 21. Ka1 g6 22. Qc2 Bd7 23. Qd2 Bc8 24. Rd6 Rc5 25. Re4 b5 26. h4 Rc4 27. Re1 b4 28. axb4 Rc6 29. Rd1 a3 30. Rxc6 axb2+ 31. Kxb2 Qxc6 32. Qd6 Qe4 33. Qe5 Qc6 34. Rd6 Qc4 35. Nd2 Qc7 36. Rxe6 Qd8 37. Rd6 Qxh4 38. Ne4 Bf5 39. Nf6+ Kf7 40. Qd4 Be6 41. Nd5 Bxd5 42. Rd7+ Ke8 43. Rxd5 Qf6 44. Qc4 Qb6 45. Qe4+ Kf7 46. Rd7+ Kg8 47. Qe7 1-0

[Event "Pan American Intercollegiate-chT"]
[Site "South Padre Island"]
[Date "2014.12.28"]
[Round "3.2"]
[White "Sharevich, Anna"]
[Black "Kritz, Leonid"]
[Result "0-1"]
[WhiteElo "2273"]
[BlackElo "2577"]
[PlyCount "62"]
[EventDate "2014.12.27"]
[EventType "team-swiss"]
[EventRounds "6"]
[EventCountry "USA"]
[SourceTitle "CBM 164 Extra"]
[Source "ChessBase"]
[SourceDate "2015.03.02"]
[SourceVersion "1"]
[SourceVersionDate "2015.03.02"]
[SourceQuality "1"]
[WhiteTeam "WEBST III"]
[BlackTeam "Dallas UT"]
[WhiteTeamCountry "USA"]
[BlackTeamCountry "USA"]

1. d4 f5 2. Nf3 Nf6 3. c4 e6 4. Nc3 Bb4 5. Qb3 a5 6. a3 a4 7. Qc2 Bxc3+ 8. Qxc3 Qe7 9. Bf4 d6 10. g3 Nc6 11. Bg2 Ne4 12. Qc2 e5 13. dxe5 dxe5 14. Be3 0-0 15. 0-0 Nc5 16. Rad1 Nb3 17. Rd5 f4 18. gxf4 exf4 19. Bc1 h6 20. Rfd1 Be6 21. Ne5 Qf6 22. Nd7 Bxd7 23. Rxd7 Ncd4 24. Qd3 Rad8 25. Bd5+ Kh8 26. Rxd8 Rxd8 27. Kh1 c6 28. Bg2 Nxc1 29. Rxc1 Nb3 30. Qb1 Nxc1 31. Qxc1 Qd4 0-1

[Event "Saint Louis op 4th"]
[Site "Saint Louis"]
[Date "2013.11.30"]
[Round "3"]
[White "Sharevich, Anna"]
[Black "Corrales Jimenez, Fidel"]
[Result "1-0"]
[WhiteElo "2271"]
[BlackElo "2602"]
[PlyCount "115"]
[EventDate "2013.11.30"]
[EventType "swiss"]
[EventRounds "5"]
[EventCountry "USA"]
[SourceTitle "CBM 157 Extra"]
[Source "ChessBase"]
[SourceDate "2013.12.19"]
[SourceVersion "1"]
[SourceVersionDate "2013.12.19"]
[SourceQuality "1"]

1. d4 Nf6 2. c4 e6 3. g3 c5 4. d5 exd5 5. cxd5 g6 6. Nc3 Bg7 7. Bg2 0-0 8. Nf3 d6 9. 0-0 Na6 10. h3 Nc7 11. e4 Nfe8 12. a4 Rb8 13. Bg5 f6 14. Bd2 a6 15. Rb1 a5 16. Re1 Na6 17. Nb5 Bd7 18. Bf1 Nb4 19. Na3 Rf7 20. Bf4 Bf8 21. Kh2 Nc7 22. Nc4 Be8 23. Ra1 b6 24. h4 f5 25. Ng5 fxe4 26. Nxf7 Bxf7 27. Rxe4 Bxd5 28. Re1 Ne6 29. Ne3 Nxf4 30. Nxd5 Nfxd5 31. Bc4 Qf6 32. Bxd5+ Kh8 33. Re2 Bg7 34. Ra3 Qf5 35. Be6 Qf8 36. Bd5 Qf5 37. Be4 Qd7 38. Bg2 d5 39. Rae3 Rf8 40. Re7 Qd8 41. Rb7 Bf6 42. Re6 Bxh4 43. Qg4 Bf6 44. Rexb6 d4 45. Qh3 h5 46. Qe6 Nd3 47. Rb8 Qe7 48. Rxf8+ Qxf8 49. Qxf6+ Qxf6 50. Rxf6 Nxb2 51. Ra6 c4 52. Rxa5 c3 53. Be4 d3 54. Ra8+ Kg7 55. Bxd3 Nxd3 56. Rc8 Nb2 57. a5 Na4 58. a6 1-0

[Event "Saint Louis op 4th"]
[Site "Saint Louis"]
[Date "2013.11.30"]
[Round "2"]
[White "Vergilesov, Alexander"]
[Black "Sharevich, Anna"]
[Result "0-1"]
[WhiteElo "2050"]
[BlackElo "2271"]
[PlyCount "66"]
[EventDate "2013.11.30"]
[EventType "swiss"]
[EventRounds "5"]
[EventCountry "USA"]
[SourceTitle "CBM 157 Extra"]
[Source "ChessBase"]
[SourceDate "2013.12.19"]
[SourceVersion "1"]
[SourceVersionDate "2013.12.19"]
[SourceQuality "1"]

1. e4 c5 2. Nf3 e6 3. d4 cxd4 4. c3 dxc3 5. Nxc3 Nc6 6. Bf4 a6 7. Bc4 Bc5 8. 0-0 Nge7 9. a3 Ng6 10. Bg3 0-0 11. b4 Be7 12. Bd6 b5 13. Bb3 Bb7 14. Re1 Rc8 15. Rc1 Bxd6 16. Qxd6 Nce7 17. a4 Rc6 18. Qd2 Qb6 19. axb5 axb5 20. Rc2 Rcc8 21. Nd4 Bc6 22. Ra1 e5 23. Nf3 Qb7 24. Rca2 Bxe4 25. Ra7 Qc6 26. Nxe4 Qxe4 27. Rxd7 Qf5 28. Re1 e4 29. Nh4 Nxh4 30. Rxe7 Qg4 31. Kf1 Qxg2+ 32. Ke2 Qf3+ 33. Kf1 Qxb3 0-1

[Event "Chicago op 22nd"]
[Site "Wheeling"]
[Date "2013.05.24"]
[Round "3"]
[White "Sharevich, Anna"]
[Black "Amanov, Mesgen"]
[Result "1/2-1/2"]
[WhiteElo "2265"]
[BlackElo "2510"]
[PlyCount "81"]
[EventDate "2013.05.23"]
[EventType "swiss"]
[EventRounds "9"]
[EventCountry "USA"]
[SourceTitle "CBM 154 Extra"]
[Source "ChessBase"]
[SourceDate "2013.06.25"]
[SourceVersion "2"]
[SourceVersionDate "2013.06.25"]
[SourceQuality "1"]

1. d4 d5 2. c4 e6 3. Nf3 Nf6 4. g3 dxc4 5. Bg2 a6 6. 0-0 Nc6 7. e3 Bd7 8. Qe2 b5 9. Bd2 Be7 10. b3 cxb3 11. axb3 0-0 12. Rc1 Re8 13. Ne5 Nxe5 14. Bxa8 Qxa8 15. dxe5 Ne4 16. f3 Nc5 17. Ra3 Bc6 18. e4 Nd7 19. Ra2 Nxe5 20. Bf4 Bd6 21. Nd2 Bb7 22. b4 Rd8 23. Bxe5 Bxe5 24. Nb3 Qa7+ 25. Kg2 Qb6 26. Nc5 Bc8 27. Nd3 Bd4 28. Rac2 Be3 29. Rc6 Qd4 30. R1c3 e5 31. Ne1 Bg5 32. f4 Qd2 33. Qxd2 Rxd2+ 34. Kf3 Bd8 35. Ke3 Rd7 36. Nd3 exf4+ 37. gxf4 Bb7 38. R6c5 f6 39. Rh5 Re7 40. Nc5 Bc8 41. Rd5 1/2-1/2

[Event "Chicago op 22nd"]
[Site "Wheeling"]
[Date "2013.05.23"]
[Round "1"]
[White "Sharevich, Anna"]
[Black "Lenderman, Aleksandr"]
[Result "0-1"]
[WhiteElo "2265"]
[BlackElo "2585"]
[PlyCount "64"]
[EventDate "2013.05.23"]
[EventType "swiss"]
[EventRounds "9"]
[EventCountry "USA"]
[SourceTitle "CBM 154 Extra"]
[Source "ChessBase"]
[SourceDate "2013.06.25"]
[SourceVersion "2"]
[SourceVersionDate "2013.06.25"]
[SourceQuality "1"]

1. d4 Nf6 2. c4 e6 3. g3 d5 4. Bg2 Bb4+ 5. Bd2 Be7 6. Nf3 0-0 7. 0-0 c6 8. Qc2 b6 9. Bf4 Nbd7 10. cxd5 cxd5 11. Nc3 Bb7 12. Rac1 Rc8 13. Qb3 a6 14. Ne5 b5 15. a4 b4 16. Na2 Qb6 17. Rfd1 a5 18. Nxd7 Nxd7 19. Qe3 h6 20. h4 Bf6 21. Qd2 b3 22. Nc3 Rc4 23. Be3 Qb4 24. f3 Nb6 25. Ra1 Rfc8 26. Bf2 R4c6 27. Qf4 Nc4 28. Nb5 Nxb2 29. Rdb1 Nxa4 30. Na7 b2 31. Rxa4 Qxa4 32. Nxc6 Qa1 0-1

[Event "Saint Louis CCSCSL IM"]
[Site "Saint Louis"]
[Date "2012.11.29"]
[Round "7"]
[White "Agrest, Inna"]
[Black "Sharevich, Anna"]
[Result "1/2-1/2"]
[WhiteElo "2176"]
[BlackElo "2291"]
[PlyCount "102"]
[EventDate "2012.11.26"]
[EventType "tourn"]
[EventRounds "9"]
[EventCountry "USA"]
[EventCategory "3"]
[SourceTitle "CBM 151 Extra"]
[Source "ChessBase"]
[SourceDate "2012.12.18"]
[SourceVersion "1"]
[SourceVersionDate "2012.12.18"]
[SourceQuality "1"]

1. e4 c5 2. Nf3 e6 3. d4 cxd4 4. Nxd4 a6 5. Bd3 Ne7 6. Nc3 Nbc6 7. Nxc6 Nxc6 8. Qg4 d6 9. 0-0 Ne5 10. Qg3 h5 11. Be2 h4 12. Qe3 Be7 13. f4 Nd7 14. Qf2 0-0 15. Be3 Qc7 16. Rad1 b5 17. a3 Bb7 18. Qe1 Bc6 19. Bf2 h3 20. Bh4 hxg2 21. Rf3 Nf6 22. Bd3 Ng4 23. Rd2 Qa7+ 24. Kxg2 f5 25. Bxe7 Qxe7 26. h3 Nf6 27. Kh2 Qb7 28. Re2 fxe4 29. Nxe4 Nxe4 30. Bxe4 Bxe4 31. Rxe4 e5 32. f5 Rac8 33. Rf2 Rf6 34. Rg4 Rcf8 35. Rfg2 R8f7 36. Qh4 Qf3 37. Rf2 Qe3 38. Rfg2 Qh6 39. Qxh6 Rxh6 40. Rg6 Rxg6 41. fxg6 Rf4 42. Kg3 Kf8 43. h4 Ke7 44. h5 Kf6 45. Rd2 Ke7 46. Rd3 Rf5 47. Kg4 Rf1 48. Rc3 Rg1+ 49. Kf5 Rf1+ 50. Kg4 Rg1+ 51. Kf5 Rf1+ 1/2-1/2

[Event "Saint Louis CCSCSL IM"]
[Site "Saint Louis"]
[Date "2012.11.27"]
[Round "4"]
[White "Sharevich, Anna"]
[Black "Ulrich, Thomas M"]
[Result "0-1"]
[WhiteElo "2291"]
[BlackElo "2206"]
[PlyCount "96"]
[EventDate "2012.11.26"]
[EventType "tourn"]
[EventRounds "9"]
[EventCountry "USA"]
[EventCategory "3"]
[SourceTitle "CBM 151 Extra"]
[Source "ChessBase"]
[SourceDate "2012.12.18"]
[SourceVersion "1"]
[SourceVersionDate "2012.12.18"]
[SourceQuality "1"]

1. d4 Nf6 2. c4 g6 3. Nc3 d5 4. cxd5 Nxd5 5. e4 Nxc3 6. bxc3 Bg7 7. Bc4 c5 8. Ne2 0-0 9. 0-0 Nc6 10. Be3 Qc7 11. Rc1 b6 12. Qd2 Bb7 13. Bh6 Rad8 14. Bxg7 Kxg7 15. Qe3 e5 16. d5 Na5 17. Bd3 Bc8 18. c4 Rde8 19. Ng3 f6 20. h4 h5 21. Ne2 Nb7 22. Qg3 Qd7 23. f4 Qg4 24. fxe5 Rxe5 25. Qh2 Nd6 26. Rf4 Qd7 27. Rcf1 Qe7 28. Qg3 Rf7 29. Nc3 Ba6 30. R4f2 Bxc4 31. Bxc4 Nxc4 32. Ne2 Rxe4 33. Nf4 Rxf4 34. Qxf4 Ne5 35. Rd1 Qd6 36. a4 c4 37. Qg3 Qc5 38. Kh1 Nd3 39. Rf5 Kh7 40. Rdf1 gxf5 41. Rxf5 Rg7 42. Qf3 Qe7 43. d6 Qe1+ 44. Kh2 Qxh4+ 45. Kg1 Rg4 46. Qb7+ Kg6 47. Rf1 Qg5 48. Qf3 Qc5+ 0-1